| 000 | nam a22 7a 4500 | ||
|---|---|---|---|
| 999 |
_c232655 _d232655 |
||
| 003 | Nust | ||
| 005 | 20170222101709.0 | ||
| 008 | 170222b xxu||||| |||| 00| 0 eng d | ||
| 040 | _c0 | ||
| 050 | _a363.7 USM | ||
| 082 | _a363.7 USM | ||
| 100 | _aUsmani,Faiza Azeem | ||
| 245 |
_aStudy To Enhance Compost Making Process From Food Waste Of an Academic Institution _cFaiza Azeem Usmani |
||
| 260 |
_aIslamabad _bIESE (SCEE) NUST _c2012. |
||
| 300 |
_a65 p. _bHB. |
||
| 440 | _aMS Environmental Science | ||
| 500 | _aThesis MS ES | ||
| 650 | _aEnvironmental Science | ||
| 700 | _4Dr. M Anwar Baig (Supervisor) | ||
| 942 |
_2ddc _cTHE _kIESE |
||